000 00723nam a2200205Ii 4500
003 JO-AjNU
008 230605s9999||||xx |||||||||||||| ||und||
040 _aJO-AjNU
_bara
_erda
_cJO-AjNU
041 _aara
050 1 4 _aBP166.89.J3222 1999
100 3 _aالجبالي، أبو محمد ، سعد الدين علامة,
_eauthor
_935685
245 0 0 _aأفعال شيطانية في ليلة الدخلة: الربط وأنواعه وطرق علاجه
250 _aط1
264 3 1 _aبيروت: دار اليوسف، 1999
300 _a151ص
336 _atext
_btxt
_2rdacontent
337 _aunmediated
_bn
_2rdamedia
338 _avolume
_bnc
_2rdacarrier
650 4 _aالمس الشيطاني- السحر
_935686
999 _aA14756
_c18324
_d18324